00376cam a22001452 4500001001100000005001700011008004100028020001700069040001500086245003300101260003400134300000900168500002200177650003100199000000002220151217161125.0070108s xx 000 0 eng d a0716600927 : aKABUcKABU14aThe World book encyclopedia. aChicago :bWorld Book,c1992. a v. aLibrary has v. 3. 0aEncyclopedias.@0000147990